00000000nam##2200000za#4500
0019.570006
003CaOODSP
00520210624182033
007cr |||||||||||
008150406|2004||||xxc|||||o    f|0| 0 eng|d
040 |aCaOODSP|beng
043 |an-cn---
0861 |aNH18-1-2/164-2004E-PDF
1102 |aCanada Mortgage and Housing Corporation.
24510|aLong term performance of slab-on-grade house foundations in Regina, Saskatchewan : |h[electronic resource]|bfinal report / |csubmitted by J.J. Hamilton.
260 |aOttawa - Ontario : |bCanada Mortgage and Housing Corporation |cOctober 20, 2004.
300 |a45p.|bfigs., graphs, photographs
4901 |aResearch report
546 |a(Résumé en français.)
590 |a11-26-Supp|b2011-11-03
7201 |aHamilton, J.J.
830#0|aResearch report (Canada Mortgage and Housing Corporation : Online)|w(CaOODSP)9.506068
85640|ahttp://publications.gc.ca|qPDF|s24.50 MB|uhttps://publications.gc.ca/collections/collection_2011/schl-cmhc/nh18-1-2/NH18-1-2-164-2004-eng.pdf